Bandeiras dos países da América do Sul - Statistics

Estatísticas Gerais
  • Esse quiz foi jogado 284 vezes
  • A pontuação média é 12 de 13
Estatísticas das Respostas
Imagem Resposta % Correto
Argentina
99%
Brasil
97%
Chile
96%
Colômbia
94%
Bolívia
92%
Equador
91%
Uruguai
91%
Paraguai
89%
Peru
89%
Guiana
88%
Venezuela
88%
Suriname
86%
Guiana Francesa
71%
Nenhum quiz correspondente encontrado
Distribuição das Pontuações
Porcentagem de Pessoas com Cada Pontuação
Percentil de Números Respondidos
Sua Pontuação Histórica
Você não jogou esse quiz